000 00407nam a2200157Ia 4500
008 210719s1962 xx 000 0 und d
041 _aeng
082 _a324.0973 PENA
100 _aPENNIMAN (Howard R)
245 _aAmerican political process.
260 _aNY
_bD Van Nostrand company, Inc.
_c1962
300 _a145
_bPB
365 _cRs
650 _aPolitical Process
906 _aAmerican elections
999 _c212740
_d212740